[Event "10th Philadelphia International"]
[Site "Philadelphia, PA"]
[Date "2016.07.09"]
[Round "7.4"]
[White "Quevedo, Reynaldo"]
[Black "Jimenez, Fidel"]
[Result "1/2-1/2"]
[WhiteElo "2432"]
[BlackElo "2530"]
[PlyCount "38"]
[EventDate "2016.07.??"]
[EventType "swiss"]
[EventRounds "9"]
[EventCountry "USA"]
[WhiteClock "1:36:15"]
[BlackClock "1:34:06"]

1. d4 d5 2. c4 c6 3. Nc3 Nf6 4. cxd5 cxd5 5. Bf4 Nc6 6. e3 a6 7. Bd3 e6 8. Rc1
Bd6 9. Bg3 O-O 10. Nf3 Qe7 11. O-O Bxg3 12. hxg3 e5 13. dxe5 Nxe5 14. Nxe5 Qxe5
15. Be2 Be6 16. Qd4 Qg5 17. Rfd1 Rac8 18. Qf4 Qg6 19. Rd4 Ne4 1/2-1/2

[Event "10th Philadelphia International"]
[Site "Philadelphia, PA"]
[Date "2016.07.09"]
[Round "7"]
[White "Mulyar, Michael"]
[Black "Papp, Gabor"]
[Result "1-0"]
[WhiteElo "2381"]
[BlackElo "2584"]
[PlyCount "71"]
[EventDate "2016.07.??"]
[EventType "swiss"]
[EventRounds "9"]
[EventCountry "USA"]

1. d4 Nf6 2. Nf3 c5 3. d5 b5 4. Bg5 Qb6 5. Bxf6 Qxf6 6. e4 Qxb2 7. Nbd2 Ba6 8.
Rb1 Qxa2 9. Bxb5 Bxb5 10. Rxb5 g6 11. Rxc5 Na6 12. Rc4 Bg7 13. O-O O-O 14. c3
Nb8 15. Ra4 Qb2 16. Nc4 Qb5 17. Qc2 a6 18. Rb1 Qc5 19. Nb6 Ra7 20. Rc4 Qa5 21.
Nc8 Rc7 22. Nxe7+ Kh8 23. Rcb4 Rxc3 24. Qd2 Qd8 25. Rxb8 Qxb8 26. Rxb8 Rxb8 27.
h4 a5 28. Qf4 Rf8 29. Ne5 f5 30. N5xg6+ hxg6 31. Nxg6+ Kg8 32. Nxf8 Bxf8 33.
Qg5+ Bg7 34. exf5 Kh7 35. Qg6+ Kh8 36. f6 1-0

[Event "10th Philadelphia International"]
[Site "Philadelphia, PA"]
[Date "2016.07.09"]
[Round "7"]
[White "Balakrishnan, Praveen"]
[Black "Gorovets, Andrey"]
[Result "0-1"]
[WhiteElo "2367"]
[BlackElo "2545"]
[PlyCount "134"]
[EventDate "2016.07.??"]
[EventType "swiss"]
[EventRounds "9"]
[EventCountry "USA"]

1. e4 c5 2. Nf3 e6 3. d4 cxd4 4. Nxd4 Nf6 5. Nc3 d6 6. Be2 a6 7. O-O Qc7 8. f4
Nc6 9. Be3 Bd7 10. Bf3 Be7 11. Kh1 Nxd4 12. Bxd4 e5 13. Be3 Bc6 14. a4 O-O 15.
a5 exf4 16. Bxf4 Rfe8 17. Qd4 Nd7 18. Nd5 Bxd5 19. Qxd5 Bf8 20. c3 Nf6 21. Qd4
Re6 22. Bg5 Be7 23. Bxf6 Bxf6 24. Qb4 Be5 25. Be2 Bxh2 26. Qc4 Qe7 27. Bh5 Rf8
28. Bxf7+ Rxf7 29. Kxh2 Rxe4 30. Qc8+ Qf8 31. Qxf8+ Kxf8 32. Rxf7+ Kxf7 33. Ra3
Re5 34. c4 Re7 35. Kg3 Ke6 36. Rb3 Rc7 37. Kf3 h5 38. Rb6 g5 39. b4 Ke5 40. b5
Rxc4 41. Rxb7 axb5 42. Rxb5+ d5 43. a6 Ra4 44. Rb6 Ra3+ 45. Ke2 Ra2+ 46. Kf3
g4+ 47. Kg3 d4 48. Rh6 d3 49. Rxh5+ Ke4 50. Rh6 d2 51. Rd6 Ke3 52. Re6+ Kd3 53.
Rd6+ Kc2 54. Rc6+ Kb1 55. Rb6+ Kc2 56. Rc6+ Kd1 57. Rd6 Ra3+ 58. Kh4 Ke2 59.
Re6+ Kf2 60. Rd6 Ke3 61. Re6+ Kf4 62. g3+ Rxg3 63. Rf6+ Ke5 64. Rf1 Ra3 65. Rd1
Kf4 66. Rf1+ Ke3 67. Kxg4 Ke2 0-1

[Event "10th Philadelphia International"]
[Site "Philadelphia, PA"]
[Date "2016.07.09"]
[Round "7"]
[White "Niemann, Hans"]
[Black "Mikhalevski, Victor"]
[Result "0-1"]
[WhiteElo "2269"]
[BlackElo "2545"]
[PlyCount "62"]
[EventDate "2016.07.??"]
[EventType "swiss"]
[EventRounds "9"]
[EventCountry "USA"]

1. d4 Nf6 2. c4 e6 3. Nc3 d5 4. Bf4 Be7 5. e3 O-O 6. Nf3 b6 7. cxd5 exd5 8. Be2
c5 9. O-O Bb7 10. Rc1 Na6 11. Qa4 Nc7 12. Rfd1 Qc8 13. dxc5 bxc5 14. b4 c4 15.
Nd4 Ne6 16. Nf5 Re8 17. Bd6 Bd8 18. Be5 Nc5 19. bxc5 Bc6 20. Qc2 Rxe5 21. Nd6
Qc7 22. e4 dxe4 23. Bxc4 Kf8 24. Qd2 e3 25. fxe3 Rxc5 26. Qd4 Rg5 27. Nce4 Qa5
28. Rb1 Rg4 29. Nxf7 Bxe4 30. Nxd8 Rxg2+ 31. Kf1 Qf5+ 0-1

[Event "10th Philadelphia International"]
[Site "Philadelphia, PA"]
[Date "2016.07.09"]
[Round "7"]
[White "Yang, Kaiqi"]
[Black "Atoufi, Pedram"]
[Result "1/2-1/2"]
[WhiteElo "2387"]
[BlackElo "2272"]
[PlyCount "54"]
[EventDate "2016.07.??"]
[EventType "swiss"]
[EventRounds "9"]
[EventCountry "USA"]

1. e4 d6 2. d4 Nf6 3. Nc3 e6 4. Nf3 Be7 5. Bd3 O-O 6. Qe2 Nc6 7. e5 Nd7 8. h4
dxe5 9. dxe5 f5 10. exf6 Nxf6 11. Bg5 Nb4 12. Bc4 Nbd5 13. Ne4 c6 14. O-O-O b5
15. Bd3 Qa5 16. Ne5 Qxa2 17. Nxf6+ Bxf6 18. Qh5 g6 19. Bxg6 hxg6 20. Qxg6+ Bg7
21. Bh6 Qa1+ 22. Kd2 Qa5+ 23. Kc1 Qa1+ 24. Kd2 Qa5+ 25. Kc1 Qa1+ 26. Kd2 Qa5+
27. Kc1 Qa1+ 1/2-1/2

[Event "10th Philadelphia International"]
[Site "Philadelphia, PA"]
[Date "2016.07.09"]
[Round "7"]
[White "Viswanadha, Kesav"]
[Black "Titus, Andrew"]
[Result "1-0"]
[WhiteElo "2357"]
[BlackElo "2173"]
[PlyCount "115"]
[EventDate "2016.07.??"]
[EventType "swiss"]
[EventRounds "9"]
[EventCountry "USA"]

1. e4 c5 2. Nf3 d6 3. d4 cxd4 4. Nxd4 Nf6 5. Nc3 a6 6. Be3 e6 7. f3 b5 8. Qd2
Nbd7 9. g4 h6 10. O-O-O b4 11. Nce2 Qc7 12. h4 d5 13. g5 hxg5 14. exd5 Nxd5 15.
Bxg5 N7b6 16. Nf4 Bd6 17. Nxd5 Nxd5 18. Kb1 Qb6 19. Qe1 Be7 20. Bc4 Bb7 21. Nf5
Bxg5 22. Bxd5 O-O-O 23. Bxb7+ Kxb7 24. Qe4+ Ka7 25. hxg5 Rxh1 26. Rxh1 exf5 27.
Qxf5 Qd6 28. b3 Rd7 29. Re1 Re7 30. Rxe7+ Qxe7 31. Kb2 Qc7 32. Qe4 Qc5 33. f4
Kb6 34. Qd3 g6 35. Qd2 Kb7 36. Qd7+ Kb6 37. Qd8+ Kb7 38. Qf6 Qc7 39. Qd4 a5 40.
Qe4+ Kb6 41. Qd4+ Kb7 42. Kc1 Qc6 43. Qe5 Kb6 44. Kb2 Qd7 45. a3 bxa3+ 46. Kxa3
Qd1 47. c4 Qd7 48. Qb8+ Ka6 49. c5 Qc6 50. Qd6 Kb5 51. Qxc6+ Kxc6 52. Ka4 Kxc5
53. Kxa5 Kd4 54. b4 Ke4 55. b5 Kxf4 56. b6 Kxg5 57. b7 f5 58. b8=Q 1-0

[Event "10th Philadelphia International"]
[Site "Philadelphia, PA"]
[Date "2016.07.09"]
[Round "7"]
[White "Guddanti, Harshita"]
[Black "Carreto, Giovanni"]
[Result "0-1"]
[WhiteElo "2143"]
[BlackElo "2241"]
[PlyCount "142"]
[EventDate "2016.07.??"]
[EventType "swiss"]
[EventRounds "9"]
[EventCountry "USA"]

1. e4 c5 2. Nf3 d6 3. d4 cxd4 4. Nxd4 Nf6 5. Nc3 g6 6. Be3 Bg7 7. f3 Nc6 8. Bc4
O-O 9. Qd2 Bd7 10. O-O-O Qa5 11. g4 Rfc8 12. Bb3 Ne5 13. Kb1 b5 14. g5 Nh5 15.
Ncxb5 Qxd2 16. Rxd2 Nxf3 17. Bxf7+ Kxf7 18. Rf1 Kg8 19. Rxf3 Rab8 20. Na3 Bc6
21. Bf2 Bxe4 22. Rb3 a6 23. Re2 d5 24. Ne6 Rxb3 25. axb3 Bh8 26. Nc5 Nf4 27.
Rd2 Bf3 28. Nxa6 e5 29. b4 d4 30. b5 Ne6 31. b6 Bb7 32. Nc7 Nxc7 33. bxc7 Rxc7
34. Nb5 Rd7 35. c3 Ba6 36. Na3 d3 37. Be3 Kf7 38. Kc1 e4 39. Rf2+ Ke6 40. Nb1
Be5 41. Nd2 Bb7 42. Nc4 Bg7 43. Kd2 Rc7 44. Na3 Bd5 45. Ke1 Rb7 46. Bc5 Ba2 47.
Be3 Kd5 48. Kd1 Be5 49. Kc1 Ke6 50. h3 Rb8 51. Rf1 Ra8 52. Kd2 Bb3 53. Rf2 Bd6
54. Rf6+ Ke7 55. Bf4 Bc5 56. Be3 Bxe3+ 57. Kxe3 Ra5 58. h4 Rd5 59. Rf2 Rf5 60.
Nb1 Ke6 61. Nd2 Bd5 62. c4 Bc6 63. b4 Ke5 64. b5 Ba8 65. c5 Rxf2 66. Kxf2 Kd4
67. c6 e3+ 68. Ke1 exd2+ 69. Kxd2 Kc4 70. c7 Bb7 71. b6 Kd4 0-1

[Event "10th Philadelphia International"]
[Site "Philadelphia, PA"]
[Date "2016.07.09"]
[Round "7"]
[White "Banik, Siddharth"]
[Black "Ghatti, Sanjay"]
[Result "0-1"]
[WhiteElo "2226"]
[BlackElo "2151"]
[PlyCount "54"]
[EventDate "2016.07.??"]
[EventType "swiss"]
[EventRounds "9"]
[EventCountry "USA"]

1. e4 c6 2. Nc3 d5 3. Nf3 Bg4 4. h3 Bh5 5. exd5 cxd5 6. Bb5+ Nc6 7. g4 Bg6 8.
Ne5 Rc8 9. h4 f6 10. Nxg6 hxg6 11. d4 e6 12. a3 Bd6 13. Be3 Nge7 14. Qf3 a6 15.
Bxc6+ Rxc6 16. g5 Qb6 17. Nd1 fxg5 18. hxg5 Rxh1+ 19. Qxh1 Rxc2 20. Qf3 Nf5 21.
Kf1 Qb5+ 22. Kg1 Qd3 23. Qg4 Re2 24. Nc3 Rxb2 25. Nxd5 Rb1+ 26. Rxb1 Qxb1+ 27.
Kg2 exd5 0-1

[Event "10th Philadelphia International"]
[Site "Philadelphia, PA"]
[Date "2016.07.09"]
[Round "7"]
[White "Wang, Tianqi"]
[Black "Proleiko, Julian"]
[Result "0-1"]
[WhiteElo "2189"]
[BlackElo "2100"]
[PlyCount "44"]
[EventDate "2016.07.??"]
[EventType "swiss"]
[EventRounds "9"]
[EventCountry "USA"]

1. d4 d5 2. Nf3 Nf6 3. c4 e6 4. Nbd2 c5 5. e3 Nc6 6. dxc5 Bxc5 7. cxd5 exd5 8.
Be2 O-O 9. O-O Bb6 10. Nb3 Bg4 11. h3 Be6 12. Nbd4 Qd7 13. b3 Bc7 14. Bb2 Ne4
15. Rc1 Rad8 16. Bb5 Bxh3 17. Bxc6 bxc6 18. gxh3 Qxh3 19. Re1 c5 20. Nb5 Rfe8
21. Bf6 Re6 22. Bxd8 Rg6+ 0-1

[Event "10th Philadelphia International"]
[Site "Philadelphia, PA"]
[Date "2016.07.09"]
[Round "7"]
[White "Zhou, Guijue"]
[Black "Shepherd, Duncan"]
[Result "1-0"]
[WhiteElo "2238"]
[BlackElo "1687"]
[PlyCount "57"]
[EventDate "2016.07.??"]
[EventType "swiss"]
[EventRounds "9"]
[EventCountry "USA"]

1. e4 c5 2. Nf3 d6 3. Bb5+ Bd7 4. Bxd7+ Qxd7 5. c4 Nf6 6. Nc3 g6 7. d4 cxd4 8.
Nxd4 Bg7 9. f3 O-O 10. Be3 Rc8 11. b3 Nc6 12. O-O Ne8 13. Nde2 Qd8 14. Qd2 Nc7
15. Rad1 Rab8 16. Nd4 Nxd4 17. Bxd4 Bxd4+ 18. Qxd4 a6 19. e5 dxe5 20. Qxe5 Qe8
21. Rfe1 b5 22. c5 Ne6 23. b4 Qf8 24. Nd5 Rb7 25. f4 Qg7 26. Qe4 Kh8 27. Nb6
Rcc7 28. Rd3 Qf6 29. Nd5 1-0

[Event "10th Philadelphia International"]
[Site "Philadelphia, PA"]
[Date "2016.07.09"]
[Round "7"]
[White "Tickoo, Sahil"]
[Black "Baquero, Luis"]
[Result "1/2-1/2"]
[WhiteElo "2016"]
[BlackElo "2232"]
[PlyCount "70"]
[EventDate "2016.07.??"]
[EventType "swiss"]
[EventRounds "9"]
[EventCountry "USA"]

1. d4 Nf6 2. Nc3 d5 3. Bg5 c6 4. Bxf6 exf6 5. e3 Bd6 6. Bd3 Be6 7. Nf3 f5 8.
Ne2 Nd7 9. b3 g5 10. g3 g4 11. Nh4 Qg5 12. c3 Nf6 13. Qc2 Ne4 14. Bxe4 fxe4 15.
Ng2 h5 16. Nef4 Qf5 17. Nh4 Qf6 18. O-O O-O-O 19. b4 Kb8 20. a4 Rc8 21. Rfd1
Qh6 22. Rab1 Be7 23. Nfg2 f5 24. Rb2 Rhd8 25. Rdb1 Bg5 26. Qe2 Qf6 27. Kh1 Rd7
28. Qe1 Bf7 29. Qg1 Bh6 30. Re1 Bf8 31. Nf4 Bd6 32. Reb1 Re8 33. Re2 Rc8 34.
Reb2 Re8 35. Re2 Rc8 1/2-1/2

[Event "10th Philadelphia International"]
[Site "Philadelphia, PA"]
[Date "2016.07.09"]
[Round "7"]
[White "Nieto, Guillermo"]
[Black "Taghizadeh, Rayan"]
[Result "0-1"]
[WhiteElo "1894"]
[BlackElo "2182"]
[PlyCount "94"]
[EventDate "2016.07.??"]
[EventType "swiss"]
[EventRounds "9"]
[EventCountry "USA"]

1. e4 e5 2. Nf3 Nc6 3. Bb5 a6 4. Ba4 Nf6 5. O-O Be7 6. Re1 b5 7. Bb3 d6 8. c3
O-O 9. h3 Bb7 10. d4 Nd7 11. Nbd2 exd4 12. cxd4 Bf6 13. Nf1 Na5 14. Bc2 Re8 15.
Ng3 g6 16. Bf4 Nf8 17. b3 Ne6 18. Be3 c5 19. Rc1 cxd4 20. Nxd4 Nxd4 21. Bxd4
Nc6 22. Bxf6 Qxf6 23. Qd2 Rad8 24. Red1 Rd7 25. Ne2 Red8 26. Nc3 Ne7 27. f4 d5
28. e5 Qe6 29. Bd3 f5 30. a4 d4 31. Na2 Nd5 32. axb5 Ne3 33. Re1 Bxg2 34. bxa6
g5 35. Bb5 Rg7 36. Rxe3 gxf4 37. Rc7 Rxc7 38. Qxg2+ Rg7 39. Bc4 Rxg2+ 40. Kxg2
Qxc4 41. bxc4 fxe3 42. Nb4 d3 43. Nd5 d2 44. Nxe3 d1=Q 45. Nxd1 Rxd1 46. Kf3
Kf7 47. Kf4 Ke6 0-1

[Event "10th Philadelphia International"]
[Site "Philadelphia, PA"]
[Date "2016.07.09"]
[Round "7"]
[White "Nieto, Manuel"]
[Black "Yao, Lan"]
[Result "0-1"]
[WhiteElo "1994"]
[BlackElo "2131"]
[PlyCount "72"]
[EventDate "2016.07.??"]
[EventType "swiss"]
[EventRounds "9"]
[EventCountry "USA"]

1. d4 Nf6 2. c4 e6 3. Nf3 b6 4. Bf4 Bb4+ 5. Nbd2 Bb7 6. e3 Ne4 7. a3 Nxd2 8.
Nxd2 Be7 9. Bd3 d6 10. Be4 c6 11. O-O Nd7 12. Nf3 O-O 13. Rc1 f5 14. Bb1 Nf6
15. h3 c5 16. Qb3 Bxf3 17. gxf3 Nh5 18. Qd3 Bf6 19. Bh2 cxd4 20. exd4 Bg5 21.
Rcd1 Bf4 22. Rfe1 Qh4 23. Qf1 Rf6 24. d5 Rg6+ 25. Kh1 Bxh2 26. Kxh2 Qf4+ 27.
Kh1 Qxf3+ 28. Kh2 e5 29. Rd3 Qf4+ 30. Kh1 e4 31. Rc3 Re8 32. Rce3 Nf6 33. Bc2
Ng4 34. hxg4 Rh6+ 35. Rh3 Qf3+ 36. Kh2 Rxh3+ 0-1

[Event "10th Philadelphia International"]
[Site "Philadelphia, PA"]
[Date "2016.07.09"]
[Round "7"]
[White "Slade, Theodore"]
[Black "Tian, Eddy"]
[Result "0-1"]
[WhiteElo "2018"]
[BlackElo "1941"]
[PlyCount "60"]
[EventDate "2016.07.??"]
[EventType "swiss"]
[EventRounds "9"]
[EventCountry "USA"]

1. d4 Nf6 2. Nf3 g6 3. Nc3 Bg7 4. e4 d6 5. Be2 O-O 6. O-O c6 7. a4 e5 8. h3 Qc7
9. Be3 Nfd7 10. Qd2 Kh8 11. Rad1 f5 12. dxe5 dxe5 13. exf5 gxf5 14. Bh6 Nc5 15.
Qd6 Qxd6 16. Bxg7+ Kxg7 17. Rxd6 Re8 18. Rfd1 e4 19. Nd4 a5 20. Nb3 Nbd7 21.
Nxc5 Nxc5 22. Rd8 Be6 23. Rxa8 Rxa8 24. Rd4 Kf6 25. f4 Rg8 26. Nd1 Bd5 27. Ne3
Ne6 28. Nxd5+ cxd5 29. Rd2 Nxf4 30. g4 e3 0-1

[Event "10th Philadelphia International"]
[Site "Philadelphia, PA"]
[Date "2016.07.09"]
[Round "8.1"]
[White "Popilski, Gil"]
[Black "Bachmann, Axel"]
[Result "1/2-1/2"]
[WhiteElo "2542"]
[BlackElo "2649"]
[PlyCount "33"]
[EventDate "2016.07.??"]
[EventType "swiss"]
[EventRounds "9"]
[EventCountry "USA"]
[WhiteClock "1:28:51"]
[BlackClock "1:14:07"]

1. e4 c5 2. Nf3 e6 3. d4 cxd4 4. Nxd4 a6 5. c4 b6 6. Nc3 Bb7 7. Be3 d6 8. Be2
Nf6 9. f3 Be7 10. O-O O-O 11. Qd2 Nbd7 12. Rfc1 Rc8 13. Kh1 Ne5 14. Na4 Nfd7
15. b4 h5 16. Rab1 h4 17. h3 1/2-1/2

[Event "10th Philadelphia International"]
[Site "Philadelphia, PA"]
[Date "2016.07.09"]
[Round "8.2"]
[White "Shimanov, Alex"]
[Black "Gorovets, Andrey"]
[Result "1/2-1/2"]
[WhiteElo "2627"]
[BlackElo "2545"]
[PlyCount "84"]
[EventDate "2016.07.??"]
[EventType "swiss"]
[EventRounds "9"]
[EventCountry "USA"]

1. d4 Nf6 2. Nf3 d6 3. g3 g6 4. Bg2 Bg7 5. O-O O-O 6. c4 Nc6 7. Nc3 Bf5 8. d5
Na5 9. Nd4 Bd7 10. Qd3 c5 11. Nc2 a6 12. b3 b5 13. Rb1 bxc4 14. bxc4 Rb8 15.
Bd2 Qc7 16. Ne4 Nxe4 17. Bxe4 Nxc4 18. Qxc4 Bb5 19. Rxb5 axb5 20. Qb3 Qa7 21.
a3 Rfc8 22. h4 Qa4 23. Qxa4 bxa4 24. Ne3 c4 25. Bb4 Bd4 26. Nc2 Bc5 27. Rc1 e6
28. Bxc5 Rxc5 29. Nb4 Rbb5 30. Rd1 f5 31. Bc2 exd5 32. e3 Kf7 33. Kf1 h5 34.
Ke2 Ke6 35. Rd4 c3 36. Kd3 Rb7 37. Bxa4 Ra7 38. Nc2 Rb7 39. Rb4 Ra7 40. Bb3 Kf6
41. a4 Ke5 42. Rb6 Rc6 1/2-1/2

[Event "10th Philadelphia International"]
[Site "Philadelphia, PA"]
[Date "2016.07.09"]
[Round "8.3"]
[White "Jimenez, Fidel"]
[Black "Kannappan, Priyadharshan"]
[Result "1-0"]
[WhiteElo "2530"]
[BlackElo "2484"]
[PlyCount "117"]
[EventDate "2016.07.??"]
[EventType "swiss"]
[EventRounds "9"]
[EventCountry "USA"]
[WhiteClock "0:19:00"]
[BlackClock "0:16:51"]

1. e4 e5 2. Nf3 Nc6 3. d4 exd4 4. Nxd4 Nf6 5. Nxc6 bxc6 6. e5 Qe7 7. Qe2 Nd5 8.
c4 Ba6 9. b3 g6 10. g3 Bg7 11. Bb2 O-O-O 12. Nd2 Rhe8 13. O-O-O Nb6 14. f4 f6
15. exf6 Bxf6 16. Qxe7 Bxb2+ 17. Kxb2 Rxe7 18. a4 Kb8 19. a5 Nc8 20. Bd3 Rde8
21. Rhf1 c5 22. f5 Re3 23. Ne4 d6 24. Nf6 Rd8 25. Nd5 Re5 26. fxg6 hxg6 27. h4
Bb7 28. Rde1 g5 29. h5 Rh8 30. g4 Bxd5 31. Rxe5 dxe5 32. cxd5 Nd6 33. Rf6 e4
34. Ba6 Rd8 35. h6 e3 36. h7 c4 37. bxc4 e2 38. Re6 Re8 39. h8=Q Rxh8 40. Rxe2
c5 41. Re6 Rh2+ 42. Kb3 Kc7 43. Re7+ Kb8 44. Rd7 Rh3+ 45. Ka4 Rh6 46. Rd8+ Kc7
47. Ra8 Rh4 48. Rxa7+ Kd8 49. Bb5 Kc8 50. Ra6 Ne4 51. Rc6+ Kb8 52. a6 Rh7 53.
Ka5 Ka7 54. Re6 Nd2 55. d6 Nb3+ 56. Ka4 Nd4 57. Re7+ Kb6 58. Rxh7 Nxb5 59. cxb5
1-0

[Event "10th Philadelphia International"]
[Site "Philadelphia, PA"]
[Date "2016.07.09"]
[Round "8.4"]
[White "Mikhalevski, Victor"]
[Black "Bora, Safal"]
[Result "1-0"]
[WhiteElo "2545"]
[BlackElo "2404"]
[PlyCount "91"]
[EventDate "2016.07.??"]
[EventType "swiss"]
[EventRounds "9"]
[EventCountry "USA"]
[WhiteClock "0:25:21"]
[BlackClock "0:46:08"]

1. d4 Nf6 2. c4 g6 3. g3 Bg7 4. Bg2 d5 5. Nf3 O-O 6. O-O dxc4 7. Na3 c3 8. bxc3
c5 9. Ne5 Nd5 10. Bd2 cxd4 11. cxd4 Nc6 12. Nxc6 bxc6 13. Nc4 Bxd4 14. Rc1 Bd7
15. Na5 Rc8 16. Qa4 c5 17. Qa3 e6 18. Bh6 Re8 19. e3 Be5 20. Nc4 Bb8 21. Rfd1
Qe7 22. e4 Nb6 23. Qb2 e5 24. Bf1 Nxc4 25. Bxc4 Be6 26. Be3 Bd6 27. Qa3 Red8
28. Qa6 Rb8 29. a3 Rb6 30. Qa4 Qc7 31. Bxe6 fxe6 32. Bxc5 Bxc5 33. Rxd8+ Qxd8
34. Rxc5 Rb1+ 35. Kg2 Rb2 36. Rc6 Qf8 37. Qxa7 Rb3 38. Rc1 Rxa3 39. Qd7 Qf3+
40. Kg1 Qf7 41. Qc8+ Qf8 42. Qxe6+ Qf7 43. Rc8+ Kg7 44. Qxe5+ Kh6 45. Rc7 Qf8
46. h4 1-0

[Event "10th Philadelphia International"]
[Site "Philadelphia, PA"]
[Date "2016.07.09"]
[Round "8"]
[White "Quevedo, Reynaldo"]
[Black "Mulyar, Michael"]
[Result "1/2-1/2"]
[WhiteElo "2432"]
[BlackElo "2381"]
[PlyCount "36"]
[EventDate "2016.07.??"]
[EventType "swiss"]
[EventRounds "9"]
[EventCountry "USA"]

1. d4 d5 2. c4 c6 3. Nc3 Nf6 4. Nf3 e6 5. e3 Nbd7 6. Bd3 dxc4 7. Bxc4 b5 8. Bd3
Bb7 9. O-O a6 10. e4 c5 11. d5 Qc7 12. Bg5 c4 13. Rc1 Bc5 14. Bb1 O-O-O 15. Bh4
exd5 16. exd5 Nb6 17. Bg3 Bd6 18. a4 Bxg3 1/2-1/2

[Event "10th Philadelphia International"]
[Site "Philadelphia, PA"]
[Date "2016.07.09"]
[Round "8"]
[White "Antal, Gergely"]
[Black "Zherebukh, Yaroslav"]
[Result "0-1"]
[WhiteElo "2545"]
[BlackElo "2595"]
[PlyCount "72"]
[EventDate "2016.07.??"]
[EventType "swiss"]
[EventRounds "9"]
[EventCountry "USA"]

1. e4 c5 2. Nf3 e6 3. b3 b6 4. Bb2 Bb7 5. Bd3 Ne7 6. O-O Ng6 7. Re1 d6 8. Bb5+
Nd7 9. d4 a6 10. Bxd7+ Qxd7 11. c4 Be7 12. Nbd2 O-O 13. Qe2 f5 14. exf5 Nf4 15.
Qe3 Rxf5 16. d5 Raf8 17. g4 Rxd5 18. cxd5 e5 19. Nxe5 dxe5 20. f3 Bxd5 21. Bxe5
Nh3+ 22. Kg2 Bg5 23. Kxh3 Bxe3 24. Rxe3 Be6 25. Ne4 h5 26. Kg3 Bxg4 27. Rg1
Bxf3 28. Kh4 Qd8+ 29. Ng5 Bg4 30. Rge1 Bf3 31. h3 g6 32. a3 Rf5 33. Bf6 Rf4+
34. Kg3 h4+ 35. Kh2 Qxf6 36. Re8+ Kg7 0-1

[Event "10th Philadelphia International"]
[Site "Philadelphia, PA"]
[Date "2016.07.09"]
[Round "8"]
[White "Papp, Gabor"]
[Black "Zhang, Yuanchen"]
[Result "1-0"]
[WhiteElo "2584"]
[BlackElo "2281"]
[PlyCount "87"]
[EventDate "2016.07.??"]
[EventType "swiss"]
[EventRounds "9"]
[EventCountry "USA"]

1. e4 e5 2. Nf3 Nc6 3. Bc4 Bc5 4. O-O Nf6 5. d3 a6 6. a4 O-O 7. c3 Ba7 8. h3 d5
9. exd5 Nxd5 10. a5 f6 11. Qb3 Nce7 12. Na3 Kh8 13. Nc2 c6 14. Re1 Rb8 15. d4
exd4 16. Ncxd4 Qd6 17. Bf1 Nf5 18. Rd1 Qc7 19. Qc2 Nxd4 20. Nxd4 Bd7 21. c4 Nb4
22. Qc3 c5 23. Ne2 Rbd8 24. Bf4 Qc8 25. Rd2 Bb8 26. Rad1 Bc6 27. Qe3 Rxd2 28.
Rxd2 Ba7 29. Bd6 Re8 30. Qf4 Bb8 31. Ng3 Bxd6 32. Qxd6 Ba4 33. Be2 Qc6 34. Qf4
Qe6 35. Bf3 Qe1+ 36. Kh2 Bc6 37. Re2 Rxe2 38. Bxe2 h6 39. Qe3 Qb1 40. Qxc5 Qxb2
41. Qf8+ Kh7 42. Bg4 Qxf2 43. Bf5+ g6 44. Qf7+ 1-0

[Event "10th Philadelphia International"]
[Site "Philadelphia, PA"]
[Date "2016.07.09"]
[Round "8"]
[White "Atoufi, Pedram"]
[Black "Burke, John"]
[Result "0-1"]
[WhiteElo "2272"]
[BlackElo "2571"]
[PlyCount "70"]
[EventDate "2016.07.??"]
[EventType "swiss"]
[EventRounds "9"]
[EventCountry "USA"]

1. e4 e5 2. Nf3 Nc6 3. Bb5 a6 4. Ba4 Nf6 5. O-O Be7 6. Re1 b5 7. Bb3 O-O 8. d4
d6 9. c3 Bg4 10. Be3 Bh5 11. h3 exd4 12. cxd4 Na5 13. Bc2 Nc4 14. Bc1 d5 15. e5
Ne4 16. Nc3 Nxc3 17. bxc3 b4 18. cxb4 Bxb4 19. Rf1 Rb8 20. a3 Ba5 21. Bf5 Bg6
22. Qd3 Qd7 23. g4 Qa4 24. Rb1 Rxb1 25. Qxb1 Qb5 26. Qc2 c5 27. dxc5 Qxc5 28.
h4 h5 29. Ng5 Bxf5 30. Qxf5 g6 31. Qf4 hxg4 32. h5 Qe7 33. hxg6 fxg6 34. Qxg4
Nxe5 35. Qd4 Qxg5+ 0-1

[Event "10th Philadelphia International"]
[Site "Philadelphia, PA"]
[Date "2016.07.09"]
[Round "8"]
[White "Niemann, Hans"]
[Black "Yang, Kaiqi"]
[Result "1-0"]
[WhiteElo "2269"]
[BlackElo "2387"]
[PlyCount "111"]
[EventDate "2016.07.??"]
[EventType "swiss"]
[EventRounds "9"]
[EventCountry "USA"]

1. d4 Nf6 2. c4 e6 3. Nc3 Bb4 4. Bg5 c5 5. d5 h6 6. Bh4 d6 7. e3 exd5 8. cxd5
Nbd7 9. Bb5 O-O 10. Bxd7 Bxd7 11. Nf3 Bf5 12. O-O Bxc3 13. bxc3 Re8 14. Re1 g5
15. Bg3 Ne4 16. Nd2 Nxg3 17. hxg3 Qf6 18. e4 Bg6 19. Qf3 Kg7 20. Qxf6+ Kxf6 21.
f4 Re7 22. Kf2 Kg7 23. f5 Bh7 24. Nc4 Rd8 25. Rab1 f6 26. Re2 Bg8 27. Kf3 Bf7
28. Na5 g4+ 29. Kf2 Rdd7 30. a4 Kf8 31. Ke1 Be8 32. Nc4 Rh7 33. Kd2 Rd8 34. a5
Rc7 35. Kd3 Ke7 36. Reb2 Rb8 37. Ne3 h5 38. c4 Kd8 39. Nd1 Re7 40. Nc3 Rh7 41.
Ne2 Kc8 42. Nf4 Bf7 43. Ne6 Rh8 44. Ke3 Be8 45. Kf4 Bf7 46. e5 dxe5+ 47. Ke4
Bxe6 48. fxe6 Kc7 49. Kf5 h4 50. gxh4 Rxh4 51. e7 Kd6 52. Rxb7 Rbh8 53. e8=N+
Rxe8 54. Rxa7 Rh5+ 55. Ke4 f5+ 56. Ke3 1-0

[Event "10th Philadelphia International"]
[Site "Philadelphia, PA"]
[Date "2016.07.09"]
[Round "8"]
[White "Carreto, Giovanni"]
[Black "Balakrishnan, Praveen"]
[Result "0-1"]
[WhiteElo "2241"]
[BlackElo "2367"]
[PlyCount "62"]
[EventDate "2016.07.??"]
[EventType "swiss"]
[EventRounds "9"]
[EventCountry "USA"]

1. e4 c6 2. d4 d5 3. Nc3 dxe4 4. Nxe4 Bf5 5. Ng3 Bg6 6. h4 h6 7. Nf3 Nd7 8. h5
Bh7 9. Bd3 Bxd3 10. Qxd3 e6 11. Bd2 Ngf6 12. O-O-O Be7 13. Ne4 Nxe4 14. Qxe4
Nf6 15. Qe2 Qd5 16. c4 Qe4 17. Qxe4 Nxe4 18. Be3 f5 19. Ne5 f4 20. Bxf4 Nxf2
21. Ng6 Nxd1 22. Rxd1 Rg8 23. Re1 Bf6 24. d5 cxd5 25. cxd5 e5 26. Nxe5 O-O-O
27. Rd1 Rde8 28. Ng6 Re2 29. d6 Kd7 30. Rd3 Rc8+ 31. Kd1 Rxb2 0-1

[Event "10th Philadelphia International"]
[Site "Philadelphia, PA"]
[Date "2016.07.09"]
[Round "8"]
[White "Proleiko, Julian"]
[Black "Viswanadha, Kesav"]
[Result "0-1"]
[WhiteElo "2100"]
[BlackElo "2357"]
[PlyCount "74"]
[EventDate "2016.07.??"]
[EventType "swiss"]
[EventRounds "9"]
[EventCountry "USA"]

1. d4 Nf6 2. c4 e6 3. Nf3 b6 4. g3 Ba6 5. Qc2 Bb7 6. Bg2 c5 7. d5 exd5 8. cxd5
Nxd5 9. O-O Be7 10. Rd1 Nc6 11. Qa4 Nf6 12. Nc3 O-O 13. Nh4 d5 14. Nxd5 Nxd5
15. Bxd5 Qc8 16. Be3 Bf6 17. Rab1 Bd4 18. Bf4 Rd8 19. Qc4 Qd7 20. Bg2 Na5 21.
Qc2 Bxg2 22. Kxg2 Qd5+ 23. e4 Qxa2 24. Nf5 Nc6 25. Qe2 Qe6 26. b4 cxb4 27. Bg5
Bf6 28. Bxf6 Qxf6 29. Qb5 Ne7 30. Nxe7+ Qxe7 31. Rxd8+ Rxd8 32. Rxb4 h6 33. Ra4
Rd2 34. Qf5 Qd7 35. Qxd7 Rxd7 36. Kf3 a5 37. e5 Ra7 0-1